000 00340nam a22001337a 4500
008 170807b xxu||||| |||| 00| 0 eng d
020 _a9781423905561
041 _aeng
080 _a004
100 _a33
101 _aSHK
245 _aTHOMSON COURSE TECHNOLOGY INTRODUCTORY COMPUTER CONCEPTS & APPLICATIONS
_cLEDERER,A
942 _2udc
_cBK
999 _c22763
_d22763